000 01308cam a22003494a 4500
999 _c3594
_d3594
001 13916983
003 Nust
005 20180117090009.0
008 050331s2006 nyua f 001 0 eng
010 _a 2005009279
020 _a1401848605 (pbk.)
035 _a(OCoLC)ocm58842997
040 _aDLC
_cDLC
_dYDX
_dBAKER
_dDLC
042 _apcc
050 0 0 _aTR146
_b.L67 2006
082 0 0 _a770
_222
100 1 _aFolts, James A.
_97
245 1 0 _aHandbook of photography /
_cJames A. Folts, Ronald P. Lovell, Fred C. Zwahlen, Jr.
250 _a6th ed.
260 _aClifton Park, NY :
_bThomson/Delmar Learning,
_cc2006.
300 _axiii, 417 p. :
_bill. (some col.) ;
_c25 cm.
500 _aIncludes index.
650 0 _aPhotography
_vHandbooks, manuals, etc.
_98
700 1 _aLovell, Ronald P.
_99
700 1 _aZwahlen, Fred C.,
_d1924-
_910
856 4 1 _3Table of contents
_uhttp://www.loc.gov/catdir/toc/ecip0510/2005009279.html
906 _a7
_bcbc
_corignew
_d1
_eecip
_f20
_gy-gencatlg
942 _2ddc
_cBK